| 000 | 00578nam a2200181 4500 | ||
|---|---|---|---|
| 001 | 107341 | ||
| 003 | ES-MaACL | ||
| 005 | 20250805063257.0 | ||
| 007 | t| | ||
| 008 | 061121s1952 sp r ||||1| spa d | ||
| 100 | 1 |
_aMorand, Paul, _d1888-1976 _983133 |
|
| 245 | 1 | 3 |
_aEl hombre acosado _b: novela / _cPaul Morand: traducción del francés de Julio Gómez de la Serna. |
| 260 |
_aMadrid : _bGolenda, _c1952. |
||
| 300 |
_a350 p. ; _c18. |
||
| 700 | 1 |
_aGómez de la Serna, Julio, _d1895-1983 _957899 |
|
| 852 |
_aES-MaACL _jD-8801 _bR.33164 |
||
| 999 |
_c107341 _d107341 |
||